Statistics for San Antonio Spurs Quiz

Click here to take the quiz!

General Stats

  • This quiz has been taken 88 times
  • The average score is 21 of 34

Answer Stats

Answer% Correct
Western
96%
Black
94%
5
89%
21
87%
6
85%
6
85%
Dallas/Texas Chaparrals
85%
Gregg Popovich
84%
San Antonio, Texas
84%
20
83%
Tim Duncan
83%
12
82%
13
78%
David Robinson
77%
50
74%
44
73%
Manu Ginóbili
73%
22
70%
Southwest
68%
32
65%
1967
63%
00
59%
George Gervin
57%
American Silver
55%
AT&T Center
49%
Bruce Bowen
35%
Avery Johnson
32%
Sean Elliott
28%
Frost Bank
21%
James Silas
20%
Austin Spurs
17%
R. C. Buford
16%
Johnny Moore
15%
Peter John Holt
9%

Score Distribution

Percentile by Number Answered

Percent of People with Each Score

Your Score History

You have not taken this quiz